Flags of countries bordering Turkey - Sudden death - Statistics

General Stats
  • This quiz has been taken 24 times
  • The average score is 4 of 8
Answers on the Grid
Answers color-coded by a green-red scale on the quiz's grid according to % correct below.
 
Answer Stats
Answer % Correct
69%
56%
56%
50%
50%
44%
44%
44%
No matching quizzes found
Score Distribution
Percent of People with Each Score
Percentile by Number Answered
Your Score History
You have not taken this quiz